000 00347 a2200157 4500
001 188645
020 _a
040 _cMagnum
100 _aBezerra, Armando José China
240 1 0 _aAs belas artes da medicina
_lpor
245 1 0 _aAs belas artes da medicina
300 _a114
362 0 _a2003
697 _aMEDICINA E SAÚDE
942 _cBK
999 _c188645
_d188645